|
|
|
|
| LEADER |
00000nam1a2200000 4500 |
| 001 |
145456 |
| 005 |
20231101221147.0 |
| 010 |
|
|
|a 5217015241
|
| 020 |
|
|
|a RU
|b 91-43912
|
| 035 |
|
|
|a (RuTPU)RU\TPU\book\157662
|
| 090 |
|
|
|a 145456
|
| 100 |
|
|
|a 20081017d1991 km y0rusy5003 ca
|
| 101 |
0 |
|
|a rus
|
| 200 |
1 |
|
|a Оптимизация структуры гибких сборочных систем с микропроцессорным управлением
|e учебное пособие
|f И. Н. Дочкин, В. А. Ратмиров, А. М. Снаксарев
|g Университет технического прогресса в машиностроении
|
| 210 |
|
|
|a Москва
|c Машиностроение
|d 1991
|
| 215 |
|
|
|a 49 с.
|c ил.
|
| 610 |
1 |
|
|a гибкие производственные системы
|
| 610 |
1 |
|
|a сборочные работы
|
| 610 |
1 |
|
|a атоматизация
|
| 610 |
1 |
|
|a автоматизация
|
| 610 |
1 |
|
|a микропроцессоры
|
| 675 |
|
|
|a 621.757(075)
|v 3
|
| 700 |
|
1 |
|a Дочкин
|b И. Н.
|g Илья Николаевич
|
| 701 |
|
1 |
|a Ратмиров
|b В. А.
|g Валерий аркадьевич
|
| 701 |
|
1 |
|a Снаксарев
|b А. М.
|g Алексей Михайлович
|
| 712 |
0 |
2 |
|a Университет технического прогресса в машиностроении
|2 stltpush
|3 (RuTPU)RU\TPU\col\8721
|9 24571
|
| 801 |
|
0 |
|a RU
|b RuMRKP
|c 19950417
|g psbo
|
| 801 |
|
1 |
|a RU
|b 63413507
|c 20081017
|g PSBO
|
| 801 |
|
2 |
|a RU
|b 63413507
|c 20081117
|g PSBO
|
| 942 |
|
|
|c BK
|